| 000 | 01107cam a2200289 4500 | ||
|---|---|---|---|
| 001 | 4477 | ||
| 003 | BD-RjUL | ||
| 005 | 20211208233911.0 | ||
| 008 | 131222s1970 nyu b 000 0 eng | ||
| 035 | _a(BD-RjUL)4512 | ||
| 040 |
_aDLC _cDLC _dDLC _beng |
||
| 041 | _aeng | ||
| 082 | 0 | 0 |
_a338.911724 _216 _bMYC 1970 |
| 100 | 1 |
_aMyrdal, Gunnar, _d1898-1987. _95787 |
|
| 245 | 1 | 4 |
_aThe challenge of world poverty : _ba world anti-poverty program in outline / _cWith a foreword by Francis O. Wilcox. |
| 260 |
_aNew York : _bPantheon Books, _c1970 |
||
| 300 |
_axviii, 463 p. _c22 cm. |
||
| 350 | _a8.95 | ||
| 500 | _aAn outgrowth of the author's three lectures delivered at the Johns Hopkins University School of Advanced International Studies in Mar. 1969, and a continuation of the author's 3-v. work entitled Asian drama. | ||
| 504 | _aIncludes bibliographical references. | ||
| 526 | _bEconomics | ||
| 650 | 0 |
_aEconomic assistance _zDeveloping countries. _99441 |
|
| 942 |
_2ddc _cBK |
||
| 999 |
_c4477 _d4477 |
||